Normal view
MARC view
- Access (Programa para computadora)
Entry Materia
001 - NÚMERO DE CONTROL DEL REGISTRO
- campo de control: 1071
003 - IDENTIFICADOR DE NUMERO DE CONTROL
- campo de control: UPN
005 - FECHA Y HORA DE LA ÚLTIMA TRANSACCIÓN
- campo de control: 20220817141131.0
008 - DATOS DE LONGITUD FIJA
- campo de control de longitud fija: 220817n||acznnbabn | ana |d
035 ## - NÚMERO DE CONTROL DEL SISTEMA
- Número de control del sistema: UPN10000001071
040 ## - FUENTE DE LA CATALOGACIÓN
- Centro catalogador de origen: UPN
- Lengua de catalogación: spa
- Agencia de transcripción: UPN
046 ## - FECHAS CON CODIFICACIÓN ESPECIAL
- Fecha final para contenidos agregados: 2022
053 #4 - NÚMERO CLASIFICADOR - BIBLIOTECA DEL CONGRESO (LC)
- Elemento numérico de la clasificación - Número único o no. inicial del rango: HF5548.4 M3.9
150 ## - ENCABEZAMIENTO - TEMÁTICO
- Término de materia o nombre geográfico como elemento inicial: Access (Programa para computadora)
450 ## - VÉASE - MATERIA
- Encabezamiento temático: Microsoft Access (Archivo para computadora)
670 ## - FUENTE EN LA QUE SE LOCALIZARON DATOS
- Cita de la fuente: LC/P
- Información localizada: Microsoft Access (Computer file)
902 ## - CATALOGADOR
- Catalogador: MCM/100703
